| 000 | 01397nam a2200265 a 4500 | ||
|---|---|---|---|
| 001 | 79654) | ||
| 003 | BD-RjUL | ||
| 005 | 20220404102821.0 | ||
| 008 | 220404s1955 ua 000 0 ara d | ||
| 035 | _a(BD-RjUL)79654) | ||
| 040 |
_aNNL _bara _cBD-RjUL |
||
| 041 |
_aara _heng |
||
| 082 |
_223 _a953.8 _bTWM 1955 |
||
| 100 | 1 |
_a[Twitchell, Carl Siben] ;; [تويتشل، كارل سيبن _92219 |
|
| 245 | 1 | 2 |
_aالمملكة العربية السعودية :al mamlakat al arabiat al Saudiat : _bوتطورات مصادرها الطبيعية /[watatawurat masadiriha altabieia]/ _cتأليف ك. س. تويتشل ومساهمة ادوارد چ. چورچى، ترجمة شكيب الاموى، تصدير حافظ وهبة.;; [talif k. s. tuitshil wamusahamat adward ch. chwrcha, tarjamat shakib alamawaa, tasdir hafiz Wahbat] |
| 260 |
_aالقاهرة : _bدار احياء الكتب العربية،;; [dar ahya' alkutub alearabiati], _c١٩٥٥[م]. |
||
| 300 |
_a[٤]، ٣١٦ص. _c24 cm |
||
| 500 | _aعلى ظهر صفحة العنوان:[On the back of the title page]: | ||
| 500 | _aThis is a translation of Saudi Arabia by K.S. Twitchell... | ||
| 651 | 4 |
_aSaudi Arabia _xHistory _92220 |
|
| 700 | 1 |
_a[Jerji, Edward Jabra ]جرجي، ادورد جبرا _92221 |
|
| 700 | 1 |
_a[Umayyad, Shakib ]الاموى، شكيب _92222 |
|
| 942 |
_2ddc _cBK |
||
| 999 |
_c79654 _d79654 |
||